000 00964nam a2200241Ia 4500
003 OSt
005 20251003105835.0
008 221004b |||||||| |||| 00| 0 san d
020 _a9789385539022 (hbk)
037 _cTB
040 _aCRL
_cCRL
_bHIN
041 _2HIN
_aHIN
084 _aP:75 152Q9
_qCRL
100 _aमीणा, टेकचन्द, ले.
_9820853
245 0 _aपि›ल और भारत का छन्द
_b शास्त्र
246 _aPi›l aur bhārat kā chhanda: shāstra
260 _aदिल्ली
_bविद्यानिधि प्रकाशन भारत
_c2019
300 _a173पृ0
_ccm.
650 _a संस्कृत साहित्य
_9820854
650 _aसंस्कृत कविता
_9820855
942 _hP:75 152Q9
_cTB
_2cc
_n0
999 _c1013456
_d1013456